000
00328nam a2200133Ia 4500
008
191201s1988 xx 000 0 und d
082
_a
677.064
_b
DSF
100
_a
D' Souza, Noemia
245
0
_a
Fabric Care
260
_a
N.Delhi
_b
New Age International (P) ltd
_c
1988
300
_a
166
650
_a
B.Tech(TE)
942
_2
ddc
_c
BK
999
_c
2278
_d
2278